Lettres de l'alphabet à l'envers en 15 secondes! - Statistiques

Statistiques générales
  • Ce quiz a été pris 1 449 fois
    1 446 depuis la dernière actualisation
  • Le résultat moyen est 13 sur 26
Statistiques - réponses
Lettres % Correct
z
98%
y
95%
x
93%
w
90%
v
83%
u
80%
t
77%
s
72%
r
69%
q
61%
p
55%
o
49%
n
46%
m
43%
l
39%
k
38%
j
32%
i
28%
h
26%
g
24%
f
22%
e
20%
d
19%
a
17%
c
17%
b
15%
Aucun quiz correspondant
Distribution des résultats
% des personnes avec chaque résultat
Percentile par nombre de réponses
Votre historique - résultats
Vous n’avez pas pris ce quiz depuis la dernière actualisation